Acerca de la pendenciera e indisciplinada vida de los léperos capitalinos /

Estudio sobre los sectores populares y marginados en la ciudad de México durante el siglo XIX, basado en las crónicas, novelas costumbristas y libros de viajes de autores que abordaron la vida y costumbres de aquellos grupos que designaron peyorativamente, entre otros adjetivos, como populacho o lep...

Whakaahuatanga katoa

I tiakina i:
Ngā taipitopito rārangi puna kōrero
Kaituhi matua: Prieto Hernández, Ana María (autor)
Ētahi atu kaituhi: González y González, Luis (presentación) (presentación)
Hōputu: Pukapuka
Reo:Pāniora
I whakaputaina: México : CONACULTA, Dirección General de Culturas Populares e Indígenas, 2001, c2001
Ngā marau:
Ngā Tūtohu: Tāpirihia he Tūtohu
Kāore He Tūtohu, Me noho koe te mea tuatahi ki te tūtohu i tēnei pūkete!

MARC

LEADER 00000nam^a2200000^a^4500
001 000136989
005 20250521000000.0
009 20260310095336.871
020 |a 970-186454-9 
037 |a Acervo ITESO - Biblioteca 
041 |a ESP 
082 |a 972. 532  |b PRI 
100 |a Prieto Hernández, Ana María  |e (autor) 
245 1 0 |a Acerca de la pendenciera e indisciplinada vida de los léperos capitalinos /  |c A.M. Prieto Hernández ; presen. de L. González y González. 
264 4 |a México :  |b CONACULTA, Dirección General de Culturas Populares e Indígenas,  |c 2001, c2001 
300 |a 349 p. 
336 |a texto  |b txt  |2 rdacontenido 
337 |a sin mediación  |b n  |2 rdamedio 
338 |a volumen  |b nc  |2 rdasoporte 
520 |a Estudio sobre los sectores populares y marginados en la ciudad de México durante el siglo XIX, basado en las crónicas, novelas costumbristas y libros de viajes de autores que abordaron la vida y costumbres de aquellos grupos que designaron peyorativamente, entre otros adjetivos, como populacho o leperuza. 
649 |a XX 
650 |a Actores Sociales -  |z México (Ciudad) 
650 |a Clase Baja -  |z México (Ciudad) -  |x Tema Principal 
650 |a Clases Sociales -  |z México (Ciudad) 
650 |a Grupos Sociales -  |z México (Ciudad) 
650 |a Prácticas Culturales -  |z México (Ciudad) 
650 |a Cultura Urbana -  |z México (Ciudad) 
650 |a Cultura Popular -  |z México (Ciudad) 
650 |a Sociología Urbana 
650 |a Sociología de la Cultura 
650 |a Antropología Cultural 
650 |a México (Ciudad) -  |x Descripción 
650 |a México (Ciudad) -  |x Historia -  |y Siglo XIX 
700 |a González y González, Luis  |e (presentación) 
910 |a Fondo General 
920 |a Impresos - Libros 
930 |a Colección General 
905 |a 101 
901 |a 0500065692  |b IT1  |c ACC  |u 20250521 
902 |a https://opac.biblio.iteso.mx/vufind/Record/000136989